000
00306nam a22001337a 4500
008
170526b xxu||||| |||| 00| 0 eng d
020
_a
3519024373
041
_a
GER
080
_a
004
100
_a
27
101
_a
SHKI
245
_a
PROGRAMMIER-UMGEBUNGEN UND COMPILER
_c
MORGENBROD, H
942
_2
udc
_c
BK
999
_c
14514
_d
14514